00343pab a2200121 454500008004000000100001300040245006300053260000900116300001000125362001100135650004400146773003100190180718b1985 xxu||||| |||| 00| 0 eng d aGuha, A. aThe state of finance in the Calcutta Municipal Corporation c1985 a58-64 a8 June aMunicipal Finance - India - West Bengal aCalcutta Municipal Gazette